000 01380nam a2200325 i 4500
003 EG-GICUC
005 20260403131005.0
008 260403s1958 ua ||||fr|||| 00| 0 ara d
040 _a EG-GICUC
_bara
_c EG-GICUC
_d EG-GICUC
_erda
041 _aara
082 0 4 _221
_a343.643
_bا ي . أ
092 0 4 _221
099 _aLaw1 10 343.643 ا ي . أ 1958
100 0 _aايفانز بريتشارد
_eمؤلف.
245 1 2 _aالأنثريولوجيا الاجتماعية :
_bعلم الإنسان الاجتماعى /
_cتأليف ايفانز بريتشارد، ترجمة الدكتور أحمد أبو زيد
264 1 _aالاسكندرية :
_bمنشاة المعارف،
_c1958.
300 _a190 صفحة ;
_c24 سم.
336 _2rda content
_atext
337 _2rda media
_aComputer
338 _2rda carrier
_aOnline Resource
490 _aالسلسة الاجتماعية والأنثريولوجية
504 _aيشتمل على إرجاعات ببليوجرافية.
546 _aالنص أغلبه باللغة العربية مع بعض النصوص الإنجليزية
650 1 _aالقانون الجنائي
650 1 _aالبيئة الاجتماعية والجريمة
700 0 _aأحمد أبو زيد
_eمترجم.
856 4 0 _uhttps://fll.law.cu.edu.eg/fulltext/bks/B10-07142.pdf
905 _a43
942 _2ddc
_n0
_cBK
_e21
999 _c68536
_d68536